000
00447nam a2200145Ia 4500
008
100204s9999 xx 000 0 und d
082
_b
11848
100
_a
बुलबुले रविकिरण
245
_a
अक्षर दिवे
260
_b
नीहारा प्रकाशन पुणे
_c
1989
300
_a
68
630
_a
अक्षर दिवे
730
_a
अक्षर दिवे
942
_c
BOOK
999
_c
456260
_d
456257